| 000 | 00427nam a2200157 4500 | ||
|---|---|---|---|
| 001 | 44478 | ||
| 090 | _a44478 | ||
| 100 | _a20250520 pory50 | ||
| 101 |
_apor _aing |
||
| 102 | _aPT | ||
| 200 |
_aGritos _dscream _frealiz. Wes Craven _gDavid Arquette ; Neve Campbell , Courteney Fox ... [ et al] |
||
| 210 |
_a[S.l.] _cMiramax Films _d[d. reg. 2000] |
||
| 215 | _a1 DVD | ||
| 675 | _a82-312.4 | ||
| 801 |
_aPT _gRPC |
||
| 990 | _cFILMES DVD | ||